000 00991nam a2200253 a 4500
001 79634
003 BD-RjUL
005 20220329151833.0
008 220329s2010 bg a|||| m||| 00| 0 eng d
035 _a(BD-RjUL)79634
040 _aBD-RjUL
_beng
_cBD-RjUL
_dBD-RjUL
041 _aeng
082 _a532.0533
_bSHA 2010
_223
100 _aUddin, Md. Sharif
_92130
245 0 1 _aAnalysis of Viscous Incompressible Fluid Flows And Heat Transfer /
_6Md.Sharif Uddin ;
_cSupervisor : M. Wazed Ali Pk, Co-Supervisor : Gorachand Layek
260 _aRajshahi :
_bDepartment of Mathematics, University of Rajshahi,
_c2010
300 _av, 128 Leaves :
_bill. ;
_c30 cm.
502 _aThesis (Ph. D.) -- Department of Mathematics, University of Rajshahi, 2010
504 _aBibliography : Leaves 121-128
650 _aFluid Mechanics
_vViscous
_xViscosity and friction
_92131
700 _aAli Pk, M. Wazed, Supervisor
_92132
700 _aLayek, Gorachand , Co-Supervisor
_92133
942 _2ddc
_cTHE
999 _c79634
_d79634